| 000 | 00966nam a2200241 4500 | ||
|---|---|---|---|
| 003 | LK-CoMWRAF | ||
| 008 | 230905b1988 |||||||| |||| 00| 0 eng d | ||
| 020 | _a0854962646 | ||
| 040 |
_aLK-CoMWRAF _dLK-CoMWRAF _eLK-CoMWRAF |
||
| 041 | _aeng | ||
| 082 |
_a305.42 _bTHE |
||
| 111 |
_aTHEORETICAL FRAMEWORKS AND METHODOLOGICAL APPROACHES TO STUDIES ON THE ROLE OF WOMEN IN HISTORY AS ACTORS IN ECONOMIC,SOCIAL POLITICAL AND IDEOLOGICAL PROCESSES _c(Paris, _dNovember 1984) |
||
| 245 |
_aRetrieving women's history: _bchanging perceptions of the role of women in politics and society |
||
| 260 |
_aBerg: _bUnesco press, _c1988 |
||
| 300 |
_axii, 380 p. ; 22 cm. _bBibliography included |
||
| 490 | _aBerg /Unesco comparative studies | ||
| 650 | _aWomen -- History -- Congresses | ||
| 650 | _aWomen's studies | ||
| 650 | _aSexual division of labor -- History | ||
| 650 | _aWomen -- Political activity -- History | ||
| 700 |
_aKleinberg, S. Jay _eed. |
||
| 942 | _cCP | ||
| 999 |
_c3417 _d3417 |
||